000 00603nam a22001577a 4500
008 130207t xxu||||| |||| 00| 0 eng d
082 _222 ed.
_a348.041676
_bUGA
245 _aThe Uganda Law Reports 1972, Part 1
260 _aKampala, Uganda :
_bLaw Development centre
300 _aiv, 139 P. ;
_c 29 cm.
500 _aIncludes Index
650 _aLaw Reports
_96816
650 _aThe Uganda Law Reports 1972, Part 1
_96817
942 _2ddc
_cLRT
999 _c5219
_d5219